[Event "Chigorin Memorial"]
[Site "St Petersburg RUS"]
[Date "2012.10.31"]
[Round "5.63"]
[White "Bukhteeva, Viktoria"]
[Black "Dzhangobegov, Vladimir"]
[Result "0-1"]
[WhiteTitle "WFM"]
[BlackTitle "FM"]
[WhiteElo "2165"]
[BlackElo "2395"]
[WhiteFideId "4192907"]
[BlackFideId "4180984"]
[EventDate "2012.10.27"]

1. e4 c5 2. Nf3 d6 3. d4 cxd4 4. Nxd4 Nf6 5. Nc3 a6 6. Be3 e6 7. g4 h6 8. f3 b5
9. Qd2 b4 10. Na4 Nbd7 11. O-O-O Qc7 12. h4 Ne5 13. b3 Bd7 14. Nb2 d5 15. Bg2
dxe4 16. fxe4 Nfxg4 17. Bf4 Qc3 18. Qe2 Qc5 19. Bh3 h5 20. Bxg4 Nxg4 21. e5 Be7
22. Kb1 O-O 23. Rhg1 Bb5 24. Qf3 Rad8 25. Nxb5 Rxd1+ 26. Rxd1 axb5 27. Nd3 Qa7
28. Qc6 Nf2 29. Rd2 Nxd3 30. Rxd3 Ra8 31. Bg3 Qxa2+ 32. Kc1 Bf8 33. Qxb5 Rc8 0-1

[Event "Chigorin Memorial"]
[Site "St Petersburg RUS"]
[Date "2012.10.31"]
[Round "5.65"]
[White "Atabayev, Saparmyrat"]
[Black "Baghdasaryan, Vahe"]
[Result "0-1"]
[BlackTitle "IM"]
[WhiteElo "2118"]
[BlackElo "2373"]
[WhiteFideId "14000571"]
[BlackFideId "13303139"]
[EventDate "2012.10.27"]

1. e4 c5 2. Nf3 e6 3. d4 cxd4 4. Nxd4 a6 5. Bd3 Bc5 6. Nb3 Ba7 7. Qg4 Nf6 8. Qg3
d6 9. O-O Nc6 10. Nc3 b5 11. Be3 Bxe3 12. Qxe3 O-O 13. Rad1 Bb7 14. h3 Re8 15.
a3 Rc8 16. f4 e5 17. f5 Ne7 18. Rf3 Kh8 19. g4 d5 20. g5 d4 21. Qe2 dxc3 22.
gxf6 Qb6+ 23. Kh2 Qxf6 24. bxc3 Rxc3 25. Bxb5 Rxf3 26. Bxe8 Rc3 27. Rd3 Rc8 28.
Bd7 Rc4 29. Re3 Rc7 30. Ba4 Qh4 31. Nd2 Nxf5 32. exf5 Qxa4 33. Rxe5 Qf4+ 34. Kg1
Qg3+ 35. Kf1 h6 36. c4 Bg2+ 37. Qxg2 Qxe5 38. Qa8+ Kh7 39. Qf3 Rd7 0-1

[Event "Chigorin Memorial"]
[Site "St Petersburg RUS"]
[Date "2012.10.31"]
[Round "5.67"]
[White "Matveeva, Olga"]
[Black "Ajrapetjan, Yuriy"]
[Result "0-1"]
[WhiteTitle "WFM"]
[BlackTitle "GM"]
[WhiteElo "2219"]
[BlackElo "2502"]
[WhiteFideId "24107018"]
[BlackFideId "14109069"]
[EventDate "2012.10.27"]

1. d4 Nf6 2. c4 g6 3. Nc3 d5 4. cxd5 Nxd5 5. Bd2 Nb6 6. Bf4 Bg7 7. e3 O-O 8. Nf3
a5 9. Be2 a4 10. O-O Be6 11. Ng5 Bd7 12. Rc1 Nc6 13. Nf3 Be6 14. Ng5 Bd5 15. e4
Bc4 16. Bxc4 Nxc4 17. d5 Nd4 18. b3 axb3 19. axb3 Na5 20. Rb1 e5 21. Be3 Qe7 22.
f4 Qb4 23. fxe5 Ndxb3 24. Ne2 Bxe5 25. Nc1 Bd4 26. Bf2 Bxf2+ 27. Rxf2 Qd4 28.
Nxb3 Qxd1+ 29. Rxd1 Nxb3 30. Rdf1 Nc5 31. Nxf7 Nxe4 32. Rf4 Nd2 33. Nh6+ Kg7 34.
Rxf8 Rxf8 35. Rd1 Rf1+ 36. Rxf1 Nxf1 37. Ng4 h5 38. Ne5 Ne3 39. d6 cxd6 40. Nd3
Kf6 41. Kf2 Ng4+ 42. Kg3 Ne5 0-1

[Event "Chigorin Memorial"]
[Site "St Petersburg RUS"]
[Date "2012.10.31"]
[Round "5.70"]
[White "Klyuev, Alexander S."]
[Black "Mishuchkov, Nikolai M."]
[Result "0-1"]
[BlackTitle "IM"]
[WhiteElo "2218"]
[BlackElo "2393"]
[WhiteFideId "4194250"]
[BlackFideId "4102401"]
[EventDate "2012.10.27"]

1. c4 Nf6 2. Nc3 e5 3. g3 c6 4. Nf3 e4 5. Nd4 Qb6 6. Nb3 a5 7. d3 a4 8. Nd2 exd3
9. exd3 Bc5 10. Qe2+ Kd8 11. Nde4 Re8 12. Be3 Nxe4 13. dxe4 Bxe3 14. fxe3 a3 15.
b3 Qb4 16. Qd2 Ra5 17. Bg2 Na6 18. O-O f6 19. Rac1 Rae5 20. Rfd1 Ke7 21. c5 Kd8
22. Bf1 Rxc5 23. Bxa6 bxa6 24. Qd6 a5 25. Qd4 Rce5 26. Qa7 Qc5 27. Qb8 Qxe3+ 28.
Kg2 Ke7 29. Qc7 Kf7 30. Qd6 Qc5 31. Qd3 Qb4 32. Qc2 Kg8 33. Qf2 c5 34. Kg1 h5
35. Rd6 R8e6 36. Rdd1 d6 37. Re1 Bb7 38. Re3 Bxe4 39. Nxe4 Rxe4 40. Rce1 Rxe3
41. Rxe3 Rxe3 42. Qxe3 Qd4 0-1

[Event "Chigorin Memorial"]
[Site "St Petersburg RUS"]
[Date "2012.10.31"]
[Round "5.72"]
[White "Karasev, Vladimir I"]
[Black "Balaian, Alina"]
[Result "0-1"]
[WhiteTitle "IM"]
[BlackTitle "WIM"]
[WhiteElo "2373"]
[BlackElo "2180"]
[WhiteFideId "4103971"]
[BlackFideId "24115347"]
[EventDate "2012.10.27"]

1. e4 e6 2. b3 d5 3. Bb2 dxe4 4. Nc3 Nf6 5. Qe2 Be7 6. Nxe4 O-O 7. Nf3 b6 8. Ne5
Bb7 9. Ng5 Nbd7 10. Nexf7 Rxf7 11. Qxe6 Bd5 12. Nxf7 Bxe6 13. Nxd8 Rxd8 14.
O-O-O Kf7 15. f3 c6 16. Re1 b5 17. g4 Nd5 18. Bxg7 Bh4 19. Rxe6 Kxe6 20. Bd3 Kf7
21. Bd4 Nf8 22. Bxa7 Ra8 23. Bc5 Ne6 24. Bd6 Rxa2 25. Kb1 Ra8 26. c3 Bf6 27.
Bxh7 b4 28. Kc2 bxc3 29. dxc3 Bxc3 30. Kd3 Rd8 31. Bg3 Bb4 32. Be5 Nb6+ 33. Kc2
Rd2+ 34. Kb1 Nd7 35. Bb2 Ndc5 36. Bc2 Nd3 37. Rd1 Rxd1+ 38. Bxd1 Be1 39. Bc2
Nxb2 40. Kxb2 c5 41. Be4 Kf6 42. Kc2 Kg5 43. Kd3 Nf4+ 44. Kc4 Bb4 45. Bf5 Ne2
46. Kd5 Nd4 47. Ke4 Nxb3 48. f4+ Kh4 49. g5 c4 50. Kd5 Nd2 51. Kd4 Kh5 52. Be6
c3 53. Bf7+ Kg4 54. Kd3 Kf5 55. h4 Nf3 56. Bb3 Ne1+ 57. Kc4 Ba5 58. h5 c2 59.
Bxc2+ Nxc2 60. h6 Ne3+ 61. Kb3 Kg6 62. Ka4 Bc3 63. Kb5 Bh8 64. Kc6 Ng2 65. Kd6
Nxf4 66. Ke7 Kxg5 67. h7 Kg6 68. Kd6 Kxh7 69. Kc6 Kg6 70. Kd6 Kf6 71. Kd7 Ke5
72. Kc6 Nd3 73. Kc7 Kd5 74. Kb6 Be5 75. Kb7 Kc5 76. Ka6 Kc6 77. Ka7 Nb4 78. Ka8
Nd5 79. Ka7 Nb6 80. Ka6 Bb8 81. Ka5 Nd5 82. Ka4 Kc5 83. Kb3 Nb4 84. Kc3 Bf4 85.
Kb3 Bd2 86. Ka4 Nc6 87. Kb3 Nd4+ 88. Ka4 Kc4 89. Ka3 Kb5 90. Ka2 Kb4 91. Kb2 Bf4
92. Ka2 Bc1 0-1

[Event "Chigorin Memorial"]
[Site "St Petersburg RUS"]
[Date "2012.10.31"]
[Round "5.74"]
[White "Marusenko, Petr"]
[Black "Shchukin, Dmitry"]
[Result "1-0"]
[WhiteTitle "IM"]
[BlackTitle "IM"]
[WhiteElo "2175"]
[BlackElo "2348"]
[WhiteFideId "14100606"]
[BlackFideId "4121724"]
[EventDate "2012.10.27"]

1. d4 Nf6 2. c4 e6 3. Nc3 d5 4. cxd5 exd5 5. Bg5 c6 6. Qc2 Be7 7. e3 Nbd7 8. Bd3
O-O 9. Nf3 Re8 10. O-O Nf8 11. Rae1 Be6 12. Ne5 N6d7 13. Bxe7 Rxe7 14. f4 f6 15.
Nf3 Rc8 16. f5 Bf7 17. g4 c5 18. Qf2 a6 19. Kh1 b5 20. a3 Qb6 21. Rg1 Rce8 22.
b4 cxd4 23. exd4 Ne5 24. Nxe5 fxe5 25. Ne2 exd4 26. Nf4 Re3 27. g5 Qd6 28. Ref1
R8e4 29. g6 hxg6 30. fxg6 Nxg6 31. Bxe4 dxe4 32. Nxg6 Bxg6 33. Qg2 Kh7 34. Rf4
d3 35. Rg4 d2 36. Rxg6 1-0

[Event "Chigorin Memorial"]
[Site "St Petersburg RUS"]
[Date "2012.10.31"]
[Round "5.76"]
[White "Charochkina, Daria"]
[Black "Kalinin, Nikita"]
[Result "1-0"]
[WhiteTitle "WGM"]
[WhiteElo "2343"]
[BlackElo "2153"]
[WhiteFideId "4180917"]
[BlackFideId "24155390"]
[EventDate "2012.10.27"]

1. d4 Nf6 2. c4 e6 3. Nc3 c5 4. d5 exd5 5. cxd5 d6 6. e4 g6 7. f4 Bg7 8. Bb5+
Nfd7 9. a4 O-O 10. Nf3 Na6 11. O-O Nb4 12. f5 Ne5 13. Bf4 Nxf3+ 14. Qxf3 a6 15.
Bc4 g5 16. Bd2 Bd4+ 17. Kh1 f6 18. h4 h6 19. Qh5 Rf7 20. Rf3 Qf8 21. Rh3 Qg7 22.
Be2 Bd7 23. a5 Re7 24. Qf3 Rae8 25. Bd1 Kf8 26. Qf1 g4 27. Rg3 h5 28. Bf4 Be5
29. Bb3 Kg8 30. Qf2 Kh7 31. Rf1 Bb5 32. Rd1 c4 33. Bxe5 Rxe5 34. Bc2 Qc7 35. Ra1
Nd3 36. Bxd3 cxd3 37. Nxb5 axb5 38. Rxd3 Rxe4 39. Rc3 Rc4 40. Rxc4 bxc4 41. a6
Ra8 42. a7 b6 43. Qf4 c3 44. bxc3 Qxc3 45. Rc1 Qa3 46. Rc7+ Kg8 47. Qe4 Qa1+ 48.
Kh2 g3+ 49. Kxg3 1-0

[Event "Chigorin Memorial"]
[Site "St Petersburg RUS"]
[Date "2012.10.31"]
[Round "5.77"]
[White "Krivenko, Sergey"]
[Black "Nedostup, Daniil"]
[Result "1-0"]
[WhiteElo "2341"]
[BlackElo "2152"]
[WhiteFideId "24124753"]
[BlackFideId "24121576"]
[EventDate "2012.10.27"]

1. d4 e6 2. c4 Nf6 3. Nf3 d5 4. Nc3 c6 5. Bg5 h6 6. Bxf6 Qxf6 7. e3 g6 8. Bd3
Bg7 9. O-O O-O 10. Ne5 dxc4 11. Bxc4 c5 12. Qe2 cxd4 13. exd4 Rd8 14. Rfd1 Nc6
15. Nxc6 bxc6 16. Ne4 Qe7 17. Qe3 Rb8 18. Rab1 Kh7 19. b3 a5 20. Rbc1 Rb4 21. h3
e5 22. dxe5 Rxd1+ 23. Rxd1 Qxe5 24. f4 Qb2 25. Kh2 Bf5 26. Nd6 Be6 27. Bxe6 fxe6
28. Ne8 Rd4 29. Rxd4 Bxd4 30. Qxe6 Qa1 31. h4 Bg1+ 32. Kh3 Qc3+ 33. g3 Bd4 34.
Qf7+ Kh8 35. Qxg6 Qf3 36. Qxh6+ Kg8 37. Qe6+ Kh8 38. Nf6 Qh1+ 39. Kg4 Qd1+ 40.
Kg5 Bxf6+ 41. Qxf6+ Kh7 42. h5 Qf3 43. Qf7+ Kh8 44. Kh6 1-0

[Event "Chigorin Memorial"]
[Site "St Petersburg RUS"]
[Date "2012.10.31"]
[Round "5.78"]
[White "Belousov, Danila"]
[Black "Pen, Pyotr"]
[Result "1-0"]
[WhiteTitle "FM"]
[WhiteElo "2340"]
[BlackElo "2150"]
[WhiteFideId "4167350"]
[BlackFideId "24129950"]
[EventDate "2012.10.27"]

1. e4 e6 2. d4 d5 3. Nc3 Bb4 4. e5 c5 5. a3 Bxc3+ 6. bxc3 Qc7 7. Qg4 f5 8. Qh5+
g6 9. Qd1 b6 10. Nf3 h6 11. a4 Ne7 12. a5 bxa5 13. c4 cxd4 14. Ba3 Ba6 15. Bd6
Qc8 16. Nxd4 Bxc4 17. Bxc4 dxc4 18. O-O Nd5 19. Rxa5 Kf7 20. Qf3 Nb6 21. Rc5 Qa6
22. Bxb8 Rhxb8 23. Rc7+ Kg8 24. Nxe6 Qb5 25. Rg7+ Kh8 26. Qh3 h5 27. Qe3 1-0

[Event "Chigorin Memorial"]
[Site "St Petersburg RUS"]
[Date "2012.10.31"]
[Round "5.79"]
[White "Ivanov, Rostislav"]
[Black "Sichinava, Zviad"]
[Result "1/2-1/2"]
[WhiteTitle "FM"]
[WhiteElo "2146"]
[BlackElo "2339"]
[WhiteFideId "4160495"]
[BlackFideId "24111716"]
[EventDate "2012.10.27"]

1. e4 e6 2. d4 d5 3. Nc3 Bb4 4. e5 c5 5. a3 Ba5 6. Qg4 Ne7 7. Qxg7 Rg8 8. Qxh7
cxd4 9. b4 dxc3 10. bxa5 Qxa5 11. Nf3 Nbc6 12. Bg5 Bd7 13. h4 O-O-O 14. Bf6 Qc5
15. h5 Rg4 16. Qd3 Re8 17. Rh4 Rxh4 18. Bxh4 Nf5 19. Bf6 Rg8 20. Rb1 Na5 21. Bg5
Nc6 22. Rb3 d4 23. Bf6 Na5 24. Rb4 Nc6 25. Qb5 Qxb5 26. Rxb5 a6 27. Rb1 Nce7 28.
Rd1 Rg4 29. Bd3 Bc6 30. Kf1 Ng8 31. Bxf5 exf5 32. Nxd4 Bxg2+ 33. Ke2 Nxf6 34.
exf6 Re4+ 35. Kd3 Rh4 36. f3 Rxh5 37. Rg1 Rh2 38. Kxc3 Kd7 39. Re1 Rh3 40. Re7+
Kd6 41. Nxf5+ Kc5 42. Re5+ Kb6 43. Kb2 Bxf3 44. Nd6 Rh6 1/2-1/2

[Event "Chigorin Memorial"]
[Site "St Petersburg RUS"]
[Date "2012.10.31"]
[Round "5.80"]
[White "Pischikov, Vadim"]
[Black "Tsydypov, Zhamsaran"]
[Result "0-1"]
[BlackTitle "FM"]
[WhiteElo "2143"]
[BlackElo "2338"]
[WhiteFideId "4100280"]
[BlackFideId "4108566"]
[EventDate "2012.10.27"]

1. d4 Nf6 2. c4 c5 3. d5 e6 4. Nc3 exd5 5. cxd5 Bd6 6. g3 O-O 7. Bg2 Re8 8. Nh3
a6 9. a4 Be5 10. O-O d6 11. Ng5 Nbd7 12. Nf3 Rb8 13. Nxe5 Nxe5 14. f4 Ng6 15. e4
b5 16. axb5 axb5 17. Re1 b4 18. Nb1 Qb6 19. Bf3 Bd7 20. b3 c4+ 21. Be3 Qc7 22.
bxc4 Nxe4 23. Qc2 b3 24. Qb2 Qxc4 25. Bd4 Ng5 26. Nd2 Nxf3+ 27. Nxf3 Qxd5 28.
Bxg7 Qxf3 29. Bh6 Ne5 30. fxe5 Bc6 31. Qd2 Qh1+ 32. Kf2 Qg2+ 33. Ke3 Rxe5+ 0-1

[Event "Chigorin Memorial"]
[Site "St Petersburg RUS"]
[Date "2012.10.31"]
[Round "5.81"]
[White "Usmanov, Vasily"]
[Black "Hallaeva, Bahar"]
[Result "1-0"]
[BlackTitle "WFM"]
[WhiteElo "2336"]
[BlackElo "2139"]
[WhiteFideId "4135741"]
[BlackFideId "14000679"]
[EventDate "2012.10.27"]

1. g3 Nf6 2. Bg2 g6 3. b3 Bg7 4. Bb2 d5 5. c4 c6 6. Nf3 Qb6 7. Bd4 c5 8. Be5 Nc6
9. cxd5 Nxe5 10. Nxe5 Ng4 11. f4 c4 12. e3 Nxe5 13. fxe5 Bxe5 14. Na3 Bxa1 15.
Qxa1 Qf6 16. Qxf6 exf6 17. bxc4 b6 18. Nb5 Kd7 19. Rf1 f5 20. g4 Ba6 21. gxf5
Bxb5 22. cxb5 Rac8 23. Ke2 g5 24. f6 Rc2 25. a4 Rc4 26. e4 Rxa4 27. Ke3 Ra3+ 28.
d3 g4 29. e5 Re8 30. Rf5 Ra2 31. Be4 Rxh2 32. d4 Rc8 33. Rg5 Rc3+ 34. Kf4 g3 35.
Bf5+ Kc7 36. d6+ Kb7 37. Be4+ 1-0

[Event "Chigorin Memorial"]
[Site "St Petersburg RUS"]
[Date "2012.10.31"]
[Round "5.83"]
[White "Menkov, Aleksandr"]
[Black "Duzhakov, Ilya"]
[Result "1-0"]
[BlackTitle "FM"]
[WhiteElo "2142"]
[BlackElo "2330"]
[WhiteFideId "24160326"]
[BlackFideId "4192516"]
[EventDate "2012.10.27"]

1. e4 e6 2. d4 d5 3. e5 c5 4. c3 Qb6 5. Nf3 Nc6 6. a3 Nh6 7. b4 cxd4 8. cxd4 Nf5
9. Be3 f6 10. exf6 gxf6 11. Nc3 Nxe3 12. fxe3 Bh6 13. Qd2 O-O 14. Bd3 Kh8 15.
Qf2 Qc7 16. Rc1 Qg7 17. O-O Bd7 18. Rce1 Rae8 19. Qb2 Rg8 20. Rf2 Ne7 21. Kh1 e5
22. e4 dxe4 23. Nxe4 Ng6 24. dxe5 fxe5 25. Nd6 Ref8 26. Bc4 Bc6 27. Bxg8 Kxg8
28. Ref1 Bf4 29. Qb3+ Kh8 30. b5 e4 31. Ng5 Bxd6 32. Nf7+ Rxf7 33. Rxf7 Qh6 34.
g3 Be8 35. Rxb7 Qh3 36. Qb2+ Be5 37. Qxe5+ 1-0

[Event "Chigorin Memorial"]
[Site "St Petersburg RUS"]
[Date "2012.10.31"]
[Round "5.85"]
[White "Mikhailov, Viacheslav"]
[Black "Chehlov, Aleksander"]
[Result "1-0"]
[WhiteTitle "FM"]
[BlackTitle "FM"]
[WhiteElo "2326"]
[BlackElo "2124"]
[WhiteFideId "4187369"]
[BlackFideId "11600632"]
[EventDate "2012.10.27"]

1. e4 e5 2. Nf3 Nf6 3. Nxe5 d6 4. Nf3 Nxe4 5. Nc3 Nxc3 6. dxc3 Be7 7. Bf4 Nc6 8.
Qd2 Be6 9. a3 a6 10. Bd3 Qd7 11. O-O-O O-O-O 12. Rhe1 h6 13. Qe2 g5 14. Be3 Nb8
15. Nd4 Bf6 16. Nxe6 fxe6 17. Bd2 Rde8 18. Be4 Rhf8 19. g3 Nc6 20. Bg2 Nd8 21.
f4 Kb8 22. Qh5 Qg7 23. Kb1 gxf4 24. Bxf4 Bg5 25. Qg4 Rg8 26. Rf1 Bxf4 27. Qxf4
Qg5 28. Qb4 Qh5 29. Rh1 Qb5 30. Qe4 d5 31. Qf4 Rh8 32. Rhe1 Qc5 33. Re2 Qd6 34.
Qxd6 cxd6 35. c4 dxc4 36. Rxd6 Kc7 37. Rd4 b5 38. Red2 Re7 39. Rd6 e5 40. Be4 a5
41. Ra6 Nb7 42. Rd5 b4 43. Rb5 Nd6 44. Rc5+ Kd7 45. Rd5 1-0

[Event "Chigorin Memorial"]
[Site "St Petersburg RUS"]
[Date "2012.10.31"]
[Round "5.86"]
[White "Kuzmin, Egor"]
[Black "Monin, Nikolay"]
[Result "0-1"]
[BlackTitle "IM"]
[WhiteElo "2140"]
[BlackElo "2325"]
[WhiteFideId "24101737"]
[BlackFideId "4104013"]
[EventDate "2012.10.27"]

1. d4 e6 2. c4 d5 3. Nc3 Bb4 4. Nf3 Nf6 5. Bg5 dxc4 6. Qa4+ Nc6 7. e3 Bd7 8. Qc2
b5 9. Be2 a6 10. Ne5 Be7 11. Nxd7 Qxd7 12. Bxf6 Bxf6 13. O-O O-O 14. a3 Na5 15.
Rad1 c6 16. f4 Nb3 17. Rf3 Rad8 18. Ne4 Be7 19. Nd2 Nxd2 20. Rxd2 c5 21. f5 Bf6
22. fxe6 fxe6 23. b3 c3 24. Qxc3 cxd4 25. Qd3 Qe7 26. Qe4 dxe3 27. Rxd8 Rxd8 28.
Bd3 g6 29. h4 Rd4 30. Qxe3 Rxh4 31. Be4 Qd8 32. Qd3 Qd4+ 0-1

[Event "Chigorin Memorial"]
[Site "St Petersburg RUS"]
[Date "2012.10.31"]
[Round "5.87"]
[White "Buchenau, Frank"]
[Black "Skvortsov, Alexander"]
[Result "1-0"]
[WhiteTitle "FM"]
[WhiteElo "2324"]
[BlackElo "2110"]
[WhiteFideId "4604350"]
[BlackFideId "24170038"]
[EventDate "2012.10.27"]

1. e4 c5 2. d3 Nc6 3. f4 g6 4. Nf3 Bg7 5. Be2 d6 6. O-O Nf6 7. c3 O-O 8. Kh1 b6
9. Be3 c4 10. dxc4 Bb7 11. Nbd2 Ng4 12. Bg1 e5 13. h3 Nh6 14. fxe5 Nxe5 15. Nxe5
Bxe5 16. Be3 Kg7 17. Bf3 Rc8 18. Qa4 Qh4 19. Qxa7 Qg3 20. Bg1 Bc6 21. Rfd1 g5
22. Nf1 Qh4 23. Ne3 Kh8 24. Rf1 Rg8 25. Ng4 Nxg4 26. Bxg4 Bxe4 27. Bf2 Qh6 28.
Rad1 Rxc4 29. Bd4 f5 30. Bxe5+ dxe5 31. Qe7 Bxg2+ 32. Kxg2 fxg4 33. Qxe5+ Qg7
34. Qxg7+ Rxg7 35. Rf8+ Rg8 36. Rxg8+ Kxg8 37. Rd6 gxh3+ 38. Kxh3 b5 39. Rd5 g4+
40. Kh4 b4 41. Rg5+ Kf7 42. Rxg4 Rxg4+ 43. Kxg4 bxc3 44. bxc3 Ke6 45. Kh5 Kd5
46. Kh6 Kc4 47. a4 Kc5 48. Kxh7 Kb6 49. c4 Ka5 50. c5 Ka6 51. Kg6 Kb7 52. a5 Kc6
53. a6 Kc7 54. Kf6 1-0

[Event "Chigorin Memorial"]
[Site "St Petersburg RUS"]
[Date "2012.10.31"]
[Round "5.88"]
[White "Bivol, Alina"]
[Black "Leontiev, Aleksandr V."]
[Result "1-0"]
[WhiteTitle "WFM"]
[BlackTitle "IM"]
[WhiteElo "2137"]
[BlackElo "2321"]
[WhiteFideId "4100123"]
[BlackFideId "4122968"]
[EventDate "2012.10.27"]

1. e4 Nf6 2. e5 Nd5 3. c4 Nb6 4. d4 d6 5. exd6 exd6 6. Bd3 g6 7. Nf3 Bg7 8. Bg5
f6 9. Be3 c6 10. Nc3 d5 11. c5 N6d7 12. h4 Nf8 13. h5 Rg8 14. hxg6 hxg6 15. Qc2
Kf7 16. Nh4 f5 17. O-O-O Na6 18. a3 Qf6 19. f4 Rh8 20. Nf3 Rxh1 21. Rxh1 Nc7 22.
Ne5+ Kg8 23. Bf2 Nd7 24. Bh4 Qe6 25. g4 Nxe5 26. fxe5 Qf7 27. Qh2 Ne8 28. Bg5
Kf8 29. Rf1 Be6 30. gxf5 gxf5 31. Qh7 Bxe5 32. Qxf7+ Kxf7 33. dxe5 Ng7 34. Bf6
Rf8 35. Ne2 b6 36. Bxg7 Kxg7 37. Nd4 Bc8 38. cxb6 axb6 39. Nxf5+ Bxf5 40. Rxf5
Re8 41. Rg5+ Kf8 42. Kc2 Ke7 43. Rg6 Kd7 44. Bf5+ Kc7 45. Rg7+ Kb8 46. e6 1-0

[Event "Chigorin Memorial"]
[Site "St Petersburg RUS"]
[Date "2012.10.31"]
[Round "5.90"]
[White "Gerasimov, Ivan"]
[Black "Gogolev, Artem"]
[Result "1-0"]
[WhiteTitle "FM"]
[WhiteElo "2308"]
[BlackElo "2090"]
[WhiteFideId "4196562"]
[BlackFideId "4116615"]
[EventDate "2012.10.27"]

1. e4 c5 2. Nf3 Nc6 3. d4 cxd4 4. Nxd4 Qb6 5. Nb3 e6 6. Bd3 d6 7. O-O Be7 8. Kh1
Nf6 9. Be3 Qc7 10. f4 a6 11. c4 Nb4 12. Nc3 Nxd3 13. Qxd3 O-O 14. Nd4 Re8 15.
Rae1 b6 16. e5 Ng4 17. Bg1 Bb7 18. Qg3 Nh6 19. b3 Rad8 20. f5 Nxf5 21. Nxf5 exf5
22. e6 fxe6 23. Rxe6 Qd7 24. Bd4 Bf8 25. Rf6 b5 26. R1xf5 bxc4 27. Qf2 cxb3 28.
Rf7 Qc6 29. Rxg7+ 1-0

[Event "Chigorin Memorial"]
[Site "St Petersburg RUS"]
[Date "2012.10.31"]
[Round "5.92"]
[White "Saveliev, Alexei"]
[Black "Donskov, Anatoly"]
[Result "1-0"]
[BlackTitle "FM"]
[WhiteElo "2126"]
[BlackElo "2305"]
[WhiteFideId "24128546"]
[BlackFideId "24143413"]
[EventDate "2012.10.27"]

1. e4 c5 2. Nf3 Nc6 3. d4 cxd4 4. Nxd4 Nf6 5. Nc3 d6 6. Bg5 e6 7. Qd2 a6 8.
O-O-O Bd7 9. f4 b5 10. Nxc6 Bxc6 11. Bd3 Be7 12. e5 dxe5 13. fxe5 Nd7 14. Bxe7
Qxe7 15. Be4 Qc5 16. b4 Qb6 17. Qd6 Rc8 18. Rd2 Qc7 19. Bxc6 Qxc6 20. Ne4 Nb6
21. Qd3 Nc4 22. Nd6+ Nxd6 23. Qxd6 Qxd6 24. Rxd6 O-O 25. Rhd1 Rc4 26. R1d4 Rxd4
27. Rxd4 h5 28. Rd6 Ra8 29. c4 bxc4 30. Kc2 Kh7 31. Kc3 Kg6 32. a4 Ra7 33. b5
axb5 34. axb5 Kf5 35. b6 Ra8 36. Kxc4 Kxe5 37. Rd7 Ra1 38. Rxf7 g5 39. Rf3 Ra8
40. Kc5 Rc8+ 41. Kb5 Kd4 42. b7 Re8 43. Rg3 e5 44. Rxg5 e4 45. Rg7 e3 46. Rd7+
Kc3 47. Rc7+ Kd2 48. Rc8 Re5+ 49. Ka4 Re4+ 50. Kb3 e2 51. Rc2+ Kd1 52. Rxe2 Rxe2
53. b8=Q Rxg2 54. Qe5 h4 55. Qh5+ Ke1 56. Qxh4+ Kf1 57. Qf4+ Kg1 58. h4 Kh1 59.
Qf1+ Kh2 60. Qxg2+ 1-0

[Event "Chigorin Memorial"]
[Site "St Petersburg RUS"]
[Date "2012.10.31"]
[Round "5.93"]
[White "Khakimov, Timur"]
[Black "Androsov, Sergey"]
[Result "1-0"]
[WhiteTitle "IM"]
[WhiteElo "2303"]
[BlackElo "2081"]
[WhiteFideId "4169115"]
[BlackFideId "4102681"]
[EventDate "2012.10.27"]

1. e4 e5 2. Nf3 Nc6 3. Bb5 Nge7 4. c3 g6 5. O-O Bg7 6. d4 exd4 7. Nxd4 Nxd4 8.
cxd4 c6 9. Ba4 d5 10. Nc3 O-O 11. Bg5 dxe4 12. Nxe4 h6 13. Bf6 Bxf6 14. Nxf6+
Kg7 15. Ne4 Nf5 16. Qc2 Be6 17. Rad1 Bd5 18. Bb3 Rc8 19. Nc3 Qg5 20. Nxd5 cxd5
21. Qd3 Nd6 22. Rfe1 Rfe8 23. g3 Re4 24. Rxe4 dxe4 25. Qe3 Qxe3 26. fxe3 f5 27.
Kf2 Kf6 28. Ke2 g5 29. Rf1 h5 30. h3 Rh8 31. Rc1 Rc8 32. Rc5 Rxc5 33. dxc5 Ne8
34. Bd5 b6 35. cxb6 axb6 36. a4 Nd6 37. b4 Ke5 38. Bc6 f4 39. gxf4+ gxf4 40. a5
bxa5 41. bxa5 fxe3 42. a6 Nc8 43. Kxe3 Na7 44. Bxe4 Nb5 45. h4 Kd6 46. Kf4 Kc7
47. Kg5 Kb6 48. Kxh5 Nd4 49. Bb7 1-0

[Event "Chigorin Memorial"]
[Site "St Petersburg RUS"]
[Date "2012.10.31"]
[Round "5.94"]
[White "Pershina, Elena"]
[Black "Molchanova, Tatjana"]
[Result "0-1"]
[WhiteTitle "WFM"]
[BlackTitle "WGM"]
[WhiteElo "2122"]
[BlackElo "2303"]
[WhiteFideId "24147516"]
[BlackFideId "4132203"]
[EventDate "2012.10.27"]

1. c4 Nf6 2. Nc3 e5 3. Nf3 Nc6 4. d4 exd4 5. Nxd4 Bc5 6. e3 d6 7. Nxc6 bxc6 8.
Be2 O-O 9. O-O d5 10. cxd5 cxd5 11. Bf3 c6 12. b3 Qe7 13. Bb2 Bf5 14. Rc1 Rac8
15. Na4 Bd6 16. Qd4 Rfe8 17. Nc5 Qc7 18. h3 Be5 19. Qd2 Bxb2 20. Qxb2 Nd7 21.
Nxd7 Qxd7 22. Qd4 Re6 23. e4 Bxe4 24. Bg4 f5 25. Bd1 c5 26. Rxc5 Rxc5 27. Qxc5
Bd3 28. Bf3 Bxf1 29. Bxd5 Ba6 30. Bxe6+ Qxe6 31. Qxa7 h6 32. a4 Kh7 33. b4 Qe1+
34. Kh2 Qe5+ 35. g3 Bf1 36. Qb7 Qe2 37. Kg1 Qd1 38. Kh2 Bd3 39. Qd5 Qe2 40. Qg2
Be4 41. Qg1 Qd2 42. b5 Qa2 43. Qf1 Qxa4 44. h4 Qb3 0-1

[Event "Chigorin Memorial"]
[Site "St Petersburg RUS"]
[Date "2012.10.31"]
[Round "5.96"]
[White "Mrykhin, Igor"]
[Black "Ageichenko, Genadi A"]
[Result "1-0"]
[BlackTitle "IM"]
[WhiteElo "2110"]
[BlackElo "2301"]
[WhiteFideId "24168106"]
[BlackFideId "4105222"]
[EventDate "2012.10.27"]

1. b4 Nf6 2. Bb2 e6 3. a3 b6 4. e3 Bb7 5. Nf3 g6 6. Be2 Bg7 7. c4 O-O 8. O-O d6
9. d3 Nbd7 10. Nbd2 Qe7 11. Qc2 e5 12. Rac1 a5 13. b5 Nh5 14. Ne1 f5 15. Bxh5
gxh5 16. Nb1 h4 17. h3 Nf6 18. Nc3 Rf7 19. Qe2 e4 20. Rd1 Re8 21. dxe4 Nxe4 22.
Nd5 Qg5 23. Nd3 Bxb2 24. Qxb2 Qg7 25. Qxg7+ Kxg7 26. N3f4 Nc5 27. Rd4 Re4 28. f3
Re5 29. Kf2 Kf8 30. Rb1 Ke8 31. Nc3 a4 32. Nfd5 Bxd5 33. Nxd5 Re6 34. Rxh4 Nd3+
35. Ke2 Nc5 36. Rf4 Rg6 37. g4 fxg4 38. Rxf7 Kxf7 39. fxg4 Rh6 40. Rf1+ Kg7 41.
Nxc7 Rxh3 42. Ne8+ Kg6 43. Nxd6 Rh2+ 44. Rf2 Rh1 45. Rf5 Rh2+ 46. Kf3 Nd7 47.
Rd5 Nf6 48. Rd4 Ra2 49. c5 bxc5 50. Rxa4 Rb2 51. Ra6 Kg5 52. Nf7+ Kg6 53. g5
Kxf7 54. Rxf6+ Kg7 55. a4 c4 56. Ke4 h5 57. Kd4 Rb4 58. Kc3 Rxa4 59. Ra6 1-0